The Effectiveness of Contract Management in Procurement System in Defense Organizations / (Record no. 529074)

000 -LEADER
fixed length control field 00501nam a22001577a 4500
082 ## - DEWEY DECIMAL CLASSIFICATION NUMBER
Classification number 620.005
100 ## - MAIN ENTRY--PERSONAL NAME
Personal name Jamil, Tahir
245 ## - TITLE STATEMENT
Title The Effectiveness of Contract Management in Procurement System in Defense Organizations /
Statement of responsibility, etc. Tahir Jamil.
260 ## - PUBLICATION, DISTRIBUTION, ETC.
Place of publication, distribution, etc. Islamabad:
Name of publisher, distributor, etc. CEME - NUST,
Date of publication, distribution, etc. 2013.
300 ## - PHYSICAL DESCRIPTION
Extent 75 p.: ill.;
Dimensions 30cm.
942 ## - ADDED ENTRY ELEMENTS (KOHA)
Source of classification or shelving scheme
Koha item type Thesis
650 ## - SUBJECT ADDED ENTRY--TOPICAL TERM
Topical term or geographic name entry element MS-Thesis.
700 ## - ADDED ENTRY--PERSONAL NAME
Personal name Dr. Akhtar Nawaz.
650 ## - SUBJECT ADDED ENTRY--TOPICAL TERM
-- 18721
700 ## - ADDED ENTRY--PERSONAL NAME
-- 20936
Holdings
Withdrawn status Lost status Source of classification or shelving scheme Damaged status Not for loan Permanent Location Current Location Shelving location Date acquired Total Checkouts Full call number Barcode Date last seen Price effective from Koha item type
          Central Library (CL) Central Library (CL) Thesis 09/19/2019   620.005 CL-T-72 09/19/2019 09/19/2019 Thesis
© 2023 Central Library, National University of Sciences and Technology. All Rights Reserved.